Statistics for Countries with Trigonometric Functions Contained in their Name

Click here to take the quiz!

General Stats

  • This quiz has been taken 36 times
  • The average score is 7 of 12

Answer Stats

HintAnswer% Correct
TangentBhutan
77%
TangentTanzania
77%
TangentAfghanistan
68%
TangentKyrgyzstan
68%
TangentPakistan
68%
TangentTajikistan
68%
TangentTurkmenistan
68%
TangentUzbekistan
65%
CosineCosta Rica
61%
TangentKazakhstan
61%
SineSingapore
48%
TangentMauritania
19%

Score Distribution

Percentile by Number Answered

Percent of People with Each Score

Your Score History

You have not taken this quiz